[Event "Madrid Oliver Gonzalez Memorial 2nd"]
[Site "Madrid"]
[Date "2011.10.14"]
[Round "7"]
[White "Campos Palacios, Daniel"]
[Black "Cortes Jurado, Rafael"]
[Result "1/2-1/2"]
[WhiteElo "1958"]
[BlackElo "2101"]
[PlyCount "59"]
[EventDate "2011.10.08"]
[EventType "swiss"]
[EventRounds "9"]
[EventCountry "ESP"]
[SourceTitle "CBM 144 Extra"]
[Source "ChessBase"]
[SourceDate "2011.10.28"]
[SourceVersion "1"]
[SourceVersionDate "2011.10.28"]
[SourceQuality "1"]

1. e4 c5 2. Nf3 e6 3. d4 cxd4 4. Nxd4 Nc6 5. Nb5 d6 6. Bf4 e5 7. Be3 Nf6 8. Bg5 Be6 9. Bxf6 gxf6 10. Nd2 a6 11. Nc3 Bg7 12. Nc4 Nd4 13. Bd3 f5 14. exf5 Bxc4 15. Bxc4 Qg5 16. 0-0 0-0 17. Ne4 Qxf5 18. Nxd6 Qg6 19. c3 Qxd6 20. cxd4 exd4 21. Qf3 Rac8 22. Rac1 Rc7 23. Bd3 Re7 24. Rfe1 Rfe8 25. Rxe7 Qxe7 26. g3 Qd7 27. Kg2 Rd8 28. h4 Qd5 29. Qxd5 Rxd5 30. Kf3 1/2-1/2

[Event "Madrid Oliver Gonzalez Memorial 2nd"]
[Site "Madrid"]
[Date "2011.10.08"]
[Round "1"]
[White "Cortes Jurado, Rafael"]
[Black "Ibanez Moreno, Sergio"]
[Result "1/2-1/2"]
[WhiteElo "2101"]
[BlackElo "1789"]
[PlyCount "99"]
[EventDate "2011.10.08"]
[EventType "swiss"]
[EventRounds "9"]
[EventCountry "ESP"]
[SourceTitle "CBM 144 Extra"]
[Source "ChessBase"]
[SourceDate "2011.10.28"]
[SourceVersion "1"]
[SourceVersionDate "2011.10.28"]
[SourceQuality "1"]

1. e4 e6 2. d4 d5 3. Nd2 Nc6 4. Ngf3 dxe4 5. Nxe4 Nf6 6. Bd3 Be7 7. 0-0 0-0 8. c3 b6 9. Qc2 h6 10. Nxf6+ Bxf6 11. Bh7+ Kh8 12. Be4 Bb7 13. Bf4 Qc8 14. Qd2 g5 15. Bg3 Ne7 16. Bxb7 Qxb7 17. h4 c5 18. hxg5 hxg5 19. Nxg5 cxd4 20. Qf4 Nf5 21. Qg4 Bxg5 22. Qxg5 f6 23. Qh5+ Qh7 24. Qxh7+ Kxh7 25. cxd4 Nxd4 26. Bd6 Rh8 27. g3 Kg6 28. Kg2 Rad8 29. Bf4 e5 30. Be3 Nc2 31. Rad1 Nxe3+ 32. fxe3 f5 33. Kf3 e4+ 34. Kf4 Kf6 35. Rxd8 Rxd8 36. Rc1 Rd6 37. Rc8 Ke6 38. Re8+ Kf7 39. Ke5 Rd3 40. Ra8 Kg6 41. g4 fxg4 42. Kxe4 Rd2 43. Kf4 Rxb2 44. Rxa7 Rb4+ 45. e4 Kf6 46. Ra3 Rb2 47. Rb3 Rf2+ 48. Kg3 Rxa2 49. Rxb6+ Ke5 50. Kxg4 1/2-1/2

[Event "Madrid Villaverde op 15th"]
[Site "Madrid"]
[Date "2011.06.23"]
[Round "4.5"]
[White "Cortes Jurado, Rafael"]
[Black "Cano Mercado, Francisco Manuel"]
[Result "1-0"]
[WhiteElo "2088"]
[BlackElo "1846"]
[PlyCount "81"]
[EventDate "2011.06.20"]
[EventType "swiss"]
[EventRounds "8"]
[EventCountry "ESP"]
[SourceTitle "EXT 2024"]
[Source "ChessBase"]
[SourceDate "2023.10.10"]
[SourceVersion "1"]
[SourceVersionDate "2023.10.10"]
[SourceQuality "1"]

1. e4 c6 2. d4 d5 3. exd5 cxd5 4. c4 Nf6 5. Nc3 e6 6. Nf3 Be7 7. cxd5 Nxd5 8. Bd3 0-0 9. 0-0 Nc6 10. Re1 Ncb4 11. Bb1 Bf6 12. a3 Nxc3 13. bxc3 Nd5 14. Qd3 g6 15. c4 Ne7 16. Bh6 Re8 17. h4 Nf5 18. Bg5 Nxh4 19. Bxh4 Bxh4 20. Nxh4 Qxh4 21. d5 Bd7 22. Ba2 exd5 23. cxd5 Qf6 24. Rad1 Qd6 25. Qb3 b5 26. Bb1 a6 27. Bd3 Re5 28. Bf1 Rae8 29. Rxe5 Rxe5 30. Qg3 Qf6 31. Qc3 Qf5 32. Qc5 Qh5 33. Qd6 Bg4 34. f3 Bxf3 35. gxf3 Rg5+ 36. Bg2 Re5 37. Qxa6 Qg5 38. Qxb5 Qe3+ 39. Kf1 Rf5 40. Qd3 Qf4 41. d6 1-0

[Event "Madrid Villaverde op 15th"]
[Site "Madrid"]
[Date "2011.06.21"]
[Round "2.6"]
[White "Cortes Jurado, Rafael"]
[Black "Lopez Heras, Arturo"]
[Result "1-0"]
[WhiteElo "2088"]
[BlackElo "1949"]
[PlyCount "89"]
[EventDate "2011.06.20"]
[EventType "swiss"]
[EventRounds "8"]
[EventCountry "ESP"]
[SourceTitle "EXT 2024"]
[Source "ChessBase"]
[SourceDate "2023.10.10"]
[SourceVersion "1"]
[SourceVersionDate "2023.10.10"]
[SourceQuality "1"]

1. d4 Nf6 2. c4 g6 3. Nc3 d5 4. cxd5 Nxd5 5. e4 Nxc3 6. bxc3 Bg7 7. Bc4 0-0 8. Ne2 c5 9. Be3 Nd7 10. 0-0 Qc7 11. Rc1 b6 12. Nf4 Bb7 13. e5 e6 14. Qg4 Rfe8 15. h4 Rac8 16. h5 Nf8 17. Nd3 Qc6 18. dxc5 gxh5 19. Qg5 h6 20. Qg3 Qe4 21. Bb5 h4 22. Qf3 Qxd3 23. Bxd3 Bxf3 24. gxf3 bxc5 25. Kh1 Ng6 26. Rg1 Kh7 27. Rg4 Bxe5 28. Rxh4 Bg7 29. Rg1 f5 30. Ra4 Rc7 31. Ra6 Ne5 32. Bf4 Rb7 33. Rxg7+ Kxg7 34. Bxe5+ Kf7 35. f4 Rg8 36. Rc6 Rd8 37. Bc4 Rb1+ 38. Kg2 Rg8+ 39. Kf3 Rg6 40. Rc7+ Ke8 41. Rxa7 h5 42. Rh7 Rh1 43. Bd6 Rh3+ 44. Ke2 Rxc3 45. Bb5+ 1-0

[Event "Madrid-ch sf-A"]
[Site "Madrid"]
[Date "2011.01.24"]
[Round "4"]
[White "Cortes Jurado, Rafael"]
[Black "Vukotic Jovsic, Dragan"]
[Result "1-0"]
[WhiteElo "2081"]
[BlackElo "1960"]
[PlyCount "95"]
[EventDate "2011.01.17"]
[EventType "swiss"]
[EventRounds "9"]
[EventCountry "ESP"]
[SourceTitle "CBM 140 Extra"]
[Source "ChessBase"]
[SourceDate "2011.03.01"]
[SourceVersion "1"]
[SourceVersionDate "2011.03.01"]
[SourceQuality "1"]

1. d4 Nf6 2. Nf3 e6 3. c4 Bb4+ 4. Nbd2 b6 5. g3 Ba6 6. Qc2 c5 7. Bg2 Bb7 8. dxc5 bxc5 9. 0-0 0-0 10. e4 d6 11. Ng5 h6 12. e5 Bxg2 13. exf6 hxg5 14. fxg7 Kxg7 15. Kxg2 Nc6 16. Ne4 Nd4 17. Qd1 f6 18. a3 Ba5 19. f4 Qd7 20. fxg5 f5 21. Nf6 Qb7+ 22. Kg1 Rh8 23. b4 cxb4 24. Bb2 Rxh2 25. Kxh2 Rh8+ 26. Nh5+ Kg6 27. g4 fxg4 28. Qd3+ Kxh5 29. Qxd4 e5 30. Qd5 Kxg5+ 31. Kg2 Rh2+ 32. Kxh2 Qh7+ 33. Kg1 Bb6+ 34. Rf2 Bxf2+ 35. Kf1 Be3 36. Ke2 Bf4 37. Qd3 Qh2+ 38. Kd1 Qxb2 39. Rb1 Qxa3 40. Qxa3 bxa3 41. Ra1 Be3 42. Rxa3 Kf4 43. Ke2 g3 44. Rxe3 g2 45. Rf3+ Kg4 46. Rf8 e4 47. Rg8+ Kh3 48. Kf2 1-0

[Event "Madrid Oliver Gonzalez Memorial 1st"]
[Site "Madrid"]
[Date "2010.10.14"]
[Round "6"]
[White "Cortes Jurado, Rafael"]
[Black "Rodriguez Dorado, Victor Manuel"]
[Result "1-0"]
[WhiteElo "2083"]
[BlackElo "1923"]
[PlyCount "71"]
[EventDate "2010.10.09"]
[EventType "swiss"]
[EventRounds "9"]
[EventCountry "ESP"]
[SourceTitle "CBM 138 Extra"]
[Source "ChessBase"]
[SourceDate "2010.10.29"]
[SourceVersion "1"]
[SourceVersionDate "2010.10.29"]
[SourceQuality "1"]

1. d4 Nf6 2. Nf3 g6 3. c4 Bg7 4. g3 0-0 5. Bg2 d6 6. 0-0 c5 7. Nc3 Nc6 8. d5 Na5 9. Nd2 a6 10. Qc2 Rb8 11. b3 b5 12. cxb5 axb5 13. Bb2 Ba6 14. Rfe1 Ng4 15. Nce4 Bh6 16. f4 b4 17. e3 f5 18. h3 Nf6 19. Nxf6+ exf6 20. e4 Qb6 21. Kh2 g5 22. fxg5 Bxg5 23. exf5 c4 24. Nxc4 Qc5 25. h4 Bh6 26. Re4 Rb7 27. Rae1 Nxc4 28. bxc4 Rff7 29. Qe2 Bf8 30. Rg4+ Kh8 31. Qe6 Bg7 32. Bxf6 h5 33. Bxg7+ Rxg7 34. Qh6+ Kg8 35. Re8+ Kf7 36. Qe6# 1-0

[Event "Madrid Oliver Gonzalez Memorial 1st"]
[Site "Madrid"]
[Date "2010.10.10"]
[Round "2"]
[White "Valles Moreno, Ivan"]
[Black "Cortes Jurado, Rafael"]
[Result "1-0"]
[WhiteElo "2403"]
[BlackElo "2083"]
[PlyCount "45"]
[EventDate "2010.10.09"]
[EventType "swiss"]
[EventRounds "9"]
[EventCountry "ESP"]
[SourceTitle "CBM 138 Extra"]
[Source "ChessBase"]
[SourceDate "2010.10.29"]
[SourceVersion "1"]
[SourceVersionDate "2010.10.29"]
[SourceQuality "1"]

1. Nf3 Nf6 2. c4 e6 3. Nc3 c5 4. e3 b6 5. d4 cxd4 6. exd4 d5 7. cxd5 Nxd5 8. Bb5+ Bd7 9. Bc4 Nxc3 10. bxc3 Qc7 11. Qd3 Bd6 12. 0-0 0-0 13. Bb3 Bc6 14. Ng5 g6 15. Qh3 h5 16. Re1 Bd5 17. g4 Bf4 18. gxh5 Bxg5 19. Bxg5 Nc6 20. hxg6 fxg6 21. Rxe6 Bxe6 22. Bxe6+ Rf7 23. Bf6 1-0

[Event "Moratalaz op 23rd"]
[Site "Madrid"]
[Date "2010.09.19"]
[Round "4"]
[White "Cortes Jurado, Rafael"]
[Black "Taboas Rodriguez, Daniel"]
[Result "0-1"]
[WhiteElo "2076"]
[BlackElo "2383"]
[PlyCount "56"]
[EventDate "2010.09.16"]
[EventType "swiss"]
[EventRounds "9"]
[EventCountry "ESP"]
[SourceTitle "CBM 138 Extra"]
[Source "ChessBase"]
[SourceDate "2010.10.29"]
[SourceVersion "1"]
[SourceVersionDate "2010.10.29"]
[SourceQuality "1"]

1. d4 Nf6 2. Nf3 g6 3. c4 Bg7 4. g3 b6 5. Bg2 Bb7 6. 0-0 0-0 7. Nc3 Ne4 8. Nxe4 Bxe4 9. Ne1 Bxg2 10. Nxg2 d5 11. cxd5 Qxd5 12. Be3 Nc6 13. Rc1 Nxd4 14. Rxc7 Rfd8 15. Bxd4 Bxd4 16. Qa4 b5 17. Qa6 Qe5 18. Rc2 Bxb2 19. Rb1 Bc3 20. Nf4 b4 21. Nd3 Qe4 22. a3 Rd6 23. Qb5 a5 24. Qc5 Bd4 25. Qc4 bxa3 26. e3 Rc6 27. Qxc6 Qxc6 28. Rxc6 a2 0-1

[Event "Parla op 25th"]
[Site "Parla"]
[Date "2010.09.10"]
[Round "7"]
[White "Cortes Jurado, Rafael"]
[Black "Ramirez Garcia, Jorge Alberto"]
[Result "0-1"]
[WhiteElo "2083"]
[BlackElo "2246"]
[PlyCount "76"]
[EventDate "2010.09.04"]
[EventType "swiss"]
[EventRounds "9"]
[EventCountry "ESP"]
[SourceTitle "CBM 138 Extra"]
[Source "ChessBase"]
[SourceDate "2010.10.29"]
[SourceVersion "1"]
[SourceVersionDate "2010.10.29"]
[SourceQuality "1"]

1. d4 d5 2. c4 e6 3. Nc3 c6 4. Nf3 Nf6 5. Bg5 h6 6. Bh4 dxc4 7. a4 Bb4 8. e3 b5 9. Ne5 Bb7 10. Be2 Nbd7 11. Nxd7 Qxd7 12. 0-0 a6 13. Qc2 Nd5 14. Bg3 0-0 15. e4 Nxc3 16. bxc3 Be7 17. e5 c5 18. Rfd1 cxd4 19. Rxd4 Qc6 20. Bf3 Qc7 21. Bh5 Rad8 22. Rad1 Bc5 23. Rf4 Kh8 24. Rxd8 Qxd8 25. Rxf7 Rxf7 26. Bxf7 Qd5 27. Kf1 Qxg2+ 28. Ke1 Qh1+ 29. Kd2 Qd5+ 30. Ke1 b4 31. Bh5 bxc3 32. Qxc3 a5 33. Kf1 Qh1+ 34. Ke2 Qe4+ 35. Kf1 Qb1+ 36. Ke2 Bb4 37. Qxc4 Qe1+ 38. Kd3 Qd2# 0-1

[Event "Madrid Villaverde op 13th"]
[Site "Madrid"]
[Date "2010.07.02"]
[Round "5"]
[White "Cortes Jurado, Rafael"]
[Black "Sanchez Millan, Eduardo"]
[Result "1/2-1/2"]
[WhiteElo "2076"]
[BlackElo "1976"]
[PlyCount "74"]
[EventDate "2010.06.28"]
[EventType "swiss"]
[EventRounds "9"]
[EventCountry "ESP"]
[SourceTitle "EXT 2011"]
[Source "ChessBase"]
[SourceDate "2010.11.26"]
[SourceVersion "1"]
[SourceVersionDate "2010.11.26"]
[SourceQuality "1"]

1. d4 d5 2. c4 c6 3. Nc3 Nf6 4. Nf3 e6 5. Bg5 Nbd7 6. e3 Bd6 7. Qc2 h6 8. Bh4 0-0 9. Rd1 Qe7 10. Be2 dxc4 11. Bxc4 e5 12. Ne4 Bb4+ 13. Ke2 exd4 14. Rxd4 b5 15. Bb3 c5 16. Rxd7 Bxd7 17. Nxf6+ Qxf6 18. Bxf6 c4 19. Bd4 cxb3 20. Qxb3 a5 21. Qd3 Be6 22. b3 a4 23. Qxb5 Rfb8 24. Qe5 Bf8 25. Nd2 axb3 26. axb3 Re8 27. Qg3 Ra2 28. Rb1 Rc8 29. Rb2 Ra5 30. f4 Rc1 31. Ne4 Raa1 32. Rd2 Rab1 33. Nc3 Rxb3 34. Kd3 Bf5+ 35. e4 Bc8 36. Rc2 Rd1+ 37. Ke3 Ba6 1/2-1/2

[Event "Madrid Villaverde op 13th"]
[Site "Madrid"]
[Date "2010.06.30"]
[Round "3"]
[White "Rodriguez Sampedro, Ricardo"]
[Black "Cortes Jurado, Rafael"]
[Result "0-1"]
[WhiteElo "1926"]
[BlackElo "2076"]
[PlyCount "113"]
[EventDate "2010.06.28"]
[EventType "swiss"]
[EventRounds "9"]
[EventCountry "ESP"]
[SourceTitle "EXT 2011"]
[Source "ChessBase"]
[SourceDate "2010.11.26"]
[SourceVersion "1"]
[SourceVersionDate "2010.11.26"]
[SourceQuality "1"]

1. d4 Nf6 2. c4 e6 3. Nc3 Bb4 4. Nf3 0-0 5. Qc2 b6 6. e4 d5 7. cxd5 exd5 8. e5 Ne4 9. Bd3 Bb7 10. 0-0 Bxc3 11. bxc3 Nd7 12. c4 f5 13. exf6 Ndxf6 14. Ng5 Ng4 15. Nxe4 dxe4 16. Bxe4 Qxd4 17. Bxb7 Qxa1 18. Bxa8 Qe5 19. g3 Rxa8 20. h3 Nf6 21. Bb2 Qe6 22. g4 Rf8 23. Qc3 Qf7 24. f3 Qg6 25. Re1 h5 26. Re7 Qg5 27. Qd4 c5 28. Qd6 Qg6 29. Qe6+ Kh7 30. Bxf6 Rxf6 31. Qe4 Qxe4 32. fxe4 hxg4 33. hxg4 Rf4 34. e5 Rxg4+ 35. Kf2 Rxc4 36. e6 Re4 37. Kf3 Re1 38. Kf4 Kg6 39. Re8 Kf6 40. Rf8+ Ke7 41. Rf7+ Kxe6 42. Rxg7 Rf1+ 43. Ke4 Rf7 44. Rg6+ Kd7 45. Kd3 Kc7 46. Kc4 Rf4+ 47. Kb3 a6 48. Rh6 Rd4 49. a4 Rd6 50. Rh7+ Kc6 51. Kc4 b5+ 52. axb5+ axb5+ 53. Kc3 Rg6 54. Ra7 Rg3+ 55. Kc2 Kd5 56. Rf7 Rg2+ 57. Kb3 0-1